Language Quiz

Random Language Quiz

To be or not to be Quiz Stats

 Plays Quiz not verified by Sporcle

Also try: Novels in Latin
Challenge
Share
Tweet
Embed
Score 0/16 Timer 06:00
0 Plays Today
Hint Answer % Correct
I amJe suis
98%
You areTu es
84.4%
I am notJe ne suis pas
83.6%
He isIl est
79.2%
She isElle est
79.2%
You are notTu n'es pas
75.2%
We areNous sommes
70.4%
He is notIl n'est pas
69.2%
Hint Answer % Correct
She is notElle n'est pas
67.6%
We are notNous ne sommes pas
61.6%
You all areVous etes
61.2%
They (m.) areIls sont
57.2%
They (f.) areElles sont
55.6%
You all are notVous n'etes pas
54.4%
They (f) are notElles ne sont pas
50.8%
They (m) are notIls ne sont pas
49.6%

You're not logged in!

Compare scores with friends on all Sporcle quizzes.
OR
Log In

You Might Also Like...

Show Comments

Extras

Created Mar 13, 2017ReportNominate
Tags:ĂȘtre, form

Top Quizzes Today


Score Distribution

Your Account Isn't Verified!

In order to create a playlist on Sporcle, you need to verify the email address you used during registration. Go to your Sporcle Settings to finish the process.

Report this User

Report this user for behavior that violates our Community Guidelines.

Details: